| 000 | 00511nam a2200181 a 4500 | ||
|---|---|---|---|
| 005 | 20260322212058.0 | ||
| 008 | data | ||
| 010 | _a61-15241 | ||
| 096 | _aWM 11 K856o 1962 | ||
| 100 | 1 |
_aKreapelin, Emil, _d1856-1926 |
|
| 245 | 1 | 0 |
_aOne hundred years of psychiatry/ _cEmil Kreapelin. |
| 250 | _a[1st paperbound ed. Tr. by Wade Baskins] | ||
| 260 |
_aNew York _bCitadel _cc1962 |
||
| 300 |
_a163 p. ; _c illus. |
||
| 500 | _aTranslation of Hundert Jahre Psychiatrie. | ||
| 650 | 0 | 2 |
_aPsychiatry _xhistory |
| 001 | data | ||
| 999 |
_c1380 _d1380 |
||